Cartas de cabildos hispanoamericanos. (Record no. 105500)
[ view plain ]
| 000 -LEADER | |
|---|---|
| campo de control de longitud fija | 02052cam a2200445 a 4500 |
| 001 - NÚMERO DE CONTROL | |
| campo de control | 57730 |
| 005 - FECHA Y HORA DE LA ÚLTIMA TRANSACCIÓN | |
| campo de control | 20230411085648.0 |
| 008 - DATOS DE LONGITUD FIJA--INFORMACIÓN GENERAL | |
| campo de control de longitud fija | 920901s1991 sp bc s001 0 spa |
| 010 ## - NÚMERO DE CONTROL DE LA BIBLIOTECA DEL CONGRESO | |
| Número de control de LC | 92208673 |
| 035 ## - NÚMERO DE CONTROL DEL SISTEMA | |
| Número de control de sistema | (OCoLC)ocm26710717 |
| 040 ## - FUENTE DE CATALOGACIÓN | |
| Centro catalogador/agencia de origen | DLC |
| Centro/agencia transcriptor | DLC |
| Centro/agencia modificador | PBR |
| -- | OCLCQ |
| -- | DIBAM |
| 020 ## - NÚMERO INTERNACIONAL ESTÁNDAR DEL LIBRO | |
| Número Internacional Estándar del Libro | 8400072073 |
| 020 ## - NÚMERO INTERNACIONAL ESTÁNDAR DEL LIBRO | |
| Número Internacional Estándar del Libro | 9788400072070 |
| 029 1# - OTRO NÚMERO DE CONTROL DE SISTEMA (OCLC) | |
| Identificador de la biblioteca OCLC | NLGGC |
| Número de control de sistema | 149950497 |
| 035 ## - NÚMERO DE CONTROL DEL SISTEMA | |
| Número de control de sistema | (OCoLC)26710717 |
| 043 ## - CÓDIGO DE ÁREA GEOGRÁFICA | |
| Código de área geográfica | s-ec--- |
| -- | s-ck--- |
| 050 14 - SIGNATURA TOPOGRÁFICA DE LA BIBLIOTECA DEL CONGRESO | |
| Número de clasificación | Z1778 |
| Número de ítem | O77c 1991 |
| 092 ## - ASIGNACIÓN LOCAL DE SIGNATURA TOPOGRÁFICA DEWEY (OCLC) | |
| Número de clasificación | 986.102 |
| Número de ítem | O77c |
| 049 ## - FONDOS LOCALES (OCLC) | |
| Biblioteca depositaria | GRAL |
| 100 1# - ENTRADA PRINCIPAL--NOMBRE DE PERSONA | |
| Nombre de persona | Ortiz de la Tabla Ducasse, Javier. |
| 245 10 - MENCIÓN DEL TÍTULO | |
| Título | Cartas de cabildos hispanoamericanos. |
| Nombre de parte o sección de la obra | Audiencia de Quito (siglos XVI-XIX) / |
| Mención de responsabilidad, etc. | edición e introducción, Javier Ortiz de la Tabla Ducasse, Montserrat Fernández Martínez, Agueda Rivera Garrido ; colaboran también en este volumen, Angeles Flores Moscoso ... [et al.]. |
| 260 ## - PUBLICACIÓN, DISTRIBUCIÓN, ETC. | |
| Lugar de publicación, distribución, etc. | Sevilla : |
| Nombre del editor, distribuidor, etc. | Consejo Superior de Investigaciones Científicas, Escuela de Estudios Hispano-Americanos de Sevilla : |
| -- | Asesoría Quinto Centenario, Consejería de Cultura y Medio Ambiente, Junta de Andalucía, |
| Fecha de publicación, distribución, etc. | 1991. |
| 300 ## - DESCRIPCIÓN FÍSICA | |
| Extensión | xx, 506 p. ; |
| Dimensiones | 24 cm. |
| 490 1# - MENCIÓN DE SERIE | |
| Mención de serie | Publicaciones de la Escuela de Estudios Hispano-Americanos de Sevilla ; |
| Designación de volumen o secuencia | no. general 360 |
| 500 ## - NOTA GENERAL | |
| Nota general | Includes indexes. |
| 651 #0 - PUNTO DE ACCESO ADICIONAL DE MATERIA--NOMBRE GEOGRÁFICO | |
| Nombre geográfico | Ecuador |
| Subdivisión general | History |
| Subdivisión cronológica | To 1809 |
| Subdivisión general | Sources |
| Subdivisión de forma | Bibliography |
| -- | Catalogs. |
| 651 #0 - PUNTO DE ACCESO ADICIONAL DE MATERIA--NOMBRE GEOGRÁFICO | |
| Nombre geográfico | Colombia |
| Subdivisión general | History |
| Subdivisión cronológica | To 1810 |
| Subdivisión general | Sources |
| Subdivisión de forma | Bibliography |
| -- | Catalogs. |
| 651 #0 - PUNTO DE ACCESO ADICIONAL DE MATERIA--NOMBRE GEOGRÁFICO | |
| Nombre geográfico | Ecuador |
| Subdivisión general | History, Local |
| -- | Sources |
| Subdivisión de forma | Bibliography |
| -- | Catalogs. |
| 651 #0 - PUNTO DE ACCESO ADICIONAL DE MATERIA--NOMBRE GEOGRÁFICO | |
| Nombre geográfico | Colombia |
| Subdivisión general | History, Local |
| -- | Sources |
| Subdivisión de forma | Bibliography |
| -- | Catalogs. |
| 610 20 - PUNTO DE ACCESO ADICIONAL DE MATERIA--NOMBRE DE ENTIDAD CORPORATIVA | |
| Nombre de entidad corporativa o nombre de jurisdicción como elemento de entrada | Archivo General de Indias |
| Subdivisión de forma | Catalogs. |
| 650 #7 - PUNTO DE ACCESO ADICIONAL DE MATERIA--TÉRMINO DE MATERIA | |
| Término de materia o nombre geográfico como elemento de entrada | ARCHIVO GENERAL DE INDIAS (ESPANA) |
| Subdivisión general | CATALOGOS. |
| Fuente del encabezamiento o término | renib |
| 651 #7 - PUNTO DE ACCESO ADICIONAL DE MATERIA--NOMBRE GEOGRÁFICO | |
| Nombre geográfico | QUITO (ECUADOR) |
| Subdivisión general | HISTORIA |
| -- | FUENTES |
| -- | BIBLIOGRAFIAS. |
| Fuente del encabezamiento o término | renib |
| 700 1# - ENTRADA AGREGADA--NOMBRE PERSONAL | |
| Nombre de persona | Fernández Martínez, Montserrat. |
| 700 1# - ENTRADA AGREGADA--NOMBRE PERSONAL | |
| Nombre de persona | Rivera Garrido, Agueda. |
| 710 1# - ENTRADA AGREGADA--NOMBRE DE ENTIDAD CORPORATIVA | |
| Nombre de entidad corporativa o nombre de jurisdicción como elemento de entrada | Quito (Audiencia) |
| 830 #0 - PUNTO DE ACCESO ADICIONAL DE SERIE-TÍTULO UNIFORME | |
| Título uniforme | Publicaciones de la Escuela de Estudios Hispano-Americanos de la Universidad de Sevilla ; |
| Designación de volumen o secuencia | 360. |
| 942 ## - ELEMENTOS DE ENTRADA SECUNDARIOS (KOHA) | |
| Fuente del sistema de clasificación o colocación | Clasificación de Library of Congress |
| Tipo de ítem Koha | |
| 946 ## - PROCESAMIENTO DE INFORMACIÓN LOCAL (OCLC) | |
| a | mjcruz |
| 994 ## - | |
| -- | C0 |
| -- | DRFGD |
| Estatus retirado | Estado de pérdida | Fuente del sistema de clasificación o colocación | Estado de daño | No para préstamo | Colección | Biblioteca de origen | Biblioteca actual | Ubicación en estantería | Fecha de adquisición | Signatura topográfica completa | Código de barras | Visto por última vez | Copia número | Tipo de ítem Koha |
|---|---|---|---|---|---|---|---|---|---|---|---|---|---|---|
| Clasificación de Library of Congress | Automatización y Procesos Técnicos | Biblioteca Juan Bosch | Biblioteca Juan Bosch | Automatización y Procesos Técnicos (1er. Piso) | 11/04/2023 | Z1778 O77c 1991 | 00000057917 | 17/02/2019 | 1 |
